Semiotics and church architecture : (Record no. 19218)
[ view plain ]
| 000 -LEADER | |
|---|---|
| fixed length control field | 00951cam a2200265 a 4500 |
| 001 - CONTROL NUMBER | |
| control field | 13589904 |
| 005 - DATE AND TIME OF LATEST TRANSACTION | |
| control field | 20150426130655.0 |
| 008 - FIXED-LENGTH DATA ELEMENTS--GENERAL INFORMATION | |
| fixed length control field | 040511s1993 ne a frb 000 0 eng d |
| 020 ## - INTERNATIONAL STANDARD BOOK NUMBER | |
| International Standard Book Number | 9039000638 |
| 020 ## - INTERNATIONAL STANDARD BOOK NUMBER | |
| International Standard Book Number | 9789039000632 |
| 040 ## - CATALOGING SOURCE | |
| Original cataloging agency | INA |
| Transcribing agency | INA |
| Modifying agency | OCLCQ |
| -- | DLC |
| -- | EG-ScBUE |
| 082 04 - DEWEY DECIMAL CLASSIFICATION NUMBER | |
| Classification number | 726.5 |
| Item number | LUK |
| Edition number | 22 |
| 100 1# - MAIN ENTRY--PERSONAL NAME | |
| Personal name | Lukken, Gerard. |
| 9 (RLIN) | 37716 |
| 245 10 - TITLE STATEMENT | |
| Title | Semiotics and church architecture : |
| Remainder of title | applying the semiotics of A.J. Greimas and the Paris School to the analysis of church buildings / |
| Statement of responsibility, etc | Gerard Lukken and Mark Searle. |
| 260 ## - PUBLICATION, DISTRIBUTION, ETC. (IMPRINT) | |
| Place of publication, distribution, etc | Kampen : |
| Name of publisher, distributor, etc | Kok Pharos Publishing House, |
| Date of publication, distribution, etc | c.1993. |
| 300 ## - PHYSICAL DESCRIPTION | |
| Extent | 135 p. : |
| Other physical details | ill. ; |
| Dimensions | 23 cm. |
| 504 ## - BIBLIOGRAPHY, ETC. NOTE | |
| Bibliography, etc | Bibliography : p. 131-135. |
| 650 #7 - SUBJECT ADDED ENTRY--TOPICAL TERM | |
| Topical term or geographic name as entry element | Symbolism in architecture. |
| Source of heading or term | BUEsh |
| 9 (RLIN) | 37717 |
| 650 #7 - SUBJECT ADDED ENTRY--TOPICAL TERM | |
| Topical term or geographic name as entry element | Church architecture. |
| Source of heading or term | BUEsh |
| 9 (RLIN) | 37718 |
| 651 ## - SUBJECT ADDED ENTRY--GEOGRAPHIC NAME | |
| Source of heading or term | BUEsh |
| 653 ## - INDEX TERM--UNCONTROLLED | |
| Resource For college | Engineering, General |
| -- | Engineering, Architecture |
| Arrived date list | April2015 |
| 655 ## - INDEX TERM--GENRE/FORM | |
| Form subdivision | |
| -- | 34232 |
| 700 1# - ADDED ENTRY--PERSONAL NAME | |
| Personal name | Searle, Mark, |
| Dates associated with a name | 1941-1992. |
| 9 (RLIN) | 37719 |
| 942 ## - ADDED ENTRY ELEMENTS (KOHA) | |
| Source of classification or shelving scheme | Dewey Decimal Classification |
| Call number prefix | 726.5 LUK |
| Withdrawn status | Item status | Source of classification or shelving scheme | Damaged status | Not for loan | Vendor | Home library | Current library | Shelving location | Date acquired | Source of acquisition | Total Checkouts | Total Renewals | Full call number | Barcode | Checked out | Date last seen | Date last borrowed | Koha item type |
|---|---|---|---|---|---|---|---|---|---|---|---|---|---|---|---|---|---|---|
| Dewey Decimal Classification | Baccah | Central Library | Central Library | Second Floor | 26/04/2015 | 1 | 41 | 726.5 LUK | 000038071 | 13/04/2024 | 28/04/2015 | 28/04/2015 | Book - Borrowing |